000 00583nam a22001817a 4500
005 20251108164735.0
008 250721s1986 xx 000 0 ara d
082 1 4 _a808.209/فوز
100 1 _aأحمد، فوزي فهمي
245 1 0 _aالمفهوم التراجيدي و الدراما الحديثة /
264 1 _aالقاهرة :
_bالهيئة المصرية العامة للكتاب،
_c1986.
300 _a151ص
650 1 7 _aالمسرحيات
650 1 7 _aالنقد الأدبي
650 1 7 _aالتاريخ الأدبي
942 _2ddc
_cBK
999 _c13209
_d13209